<?xml version="1.0" encoding="UTF-8"?>
<record
    xmlns:xsi="http://www.w3.org/2001/XMLSchema-instance"
    xsi:schemaLocation="http://www.loc.gov/MARC21/slim http://www.loc.gov/standards/marcxml/schema/MARC21slim.xsd"
    xmlns="http://www.loc.gov/MARC21/slim">

  <leader>00957nam a2200217Ia 4500</leader>
  <controlfield tag="001">3035</controlfield>
  <controlfield tag="003">GE_BSU</controlfield>
  <controlfield tag="008">181216s||||||||xx |||||||||||||| ||und||</controlfield>
  <datafield tag="020" ind1=" " ind2=" ">
    <subfield code="a">589680054;  5887960124</subfield>
  </datafield>
  <datafield tag="040" ind1=" " ind2=" ">
    <subfield code="c">GE_BSU</subfield>
  </datafield>
  <datafield tag="080" ind1=" " ind2=" ">
    <subfield code="a">33(031)+347.4</subfield>
  </datafield>
  <datafield tag="245" ind1=" " ind2=" ">
    <subfield code="a">&#x41E;&#x441;&#x43D;&#x43E;&#x432;&#x44B; &#x414;&#x43E;&#x433;&#x43E;&#x432;&#x43E;&#x440;&#x43D;&#x44B;&#x445;  &#x43E;&#x442;&#x43D;&#x43E;&#x448;&#x435;&#x43D;&#x438;&#x439;   &#x432;  &#x42D;&#x43A;&#x43E;&#x43D;&#x43E;&#x43C;&#x438;&#x447;&#x435;&#x441;&#x43A;&#x43E;&#x43C;  &#x43F;&#x440;&#x43E;&#x441;&#x442;&#x440;&#x430;&#x43D;&#x441;&#x442;&#x432;&#x435;   &#x421;&#x41D;&#x413;.  &#x42D;&#x43D;&#x446;&#x438;&#x43A;&#x43B;&#x43E;&#x43F;&#x435;&#x434;&#x438;&#x44F;   &#x41C;&#x435;&#x436;&#x434;&#x443;&#x43D;&#x430;&#x440;&#x43E;&#x434;&#x43D;&#x44B;&#x445;  &#x43A;&#x43E;&#x43D;&#x442;&#x440;&#x430;&#x43A;&#x442;&#x43D;&#x44B;&#x445;  &#x43E;&#x442;&#x43D;&#x43E;&#x448;&#x435;&#x43D;&#x438;&#x439;; &#x420;&#x43E;&#x441;&#x441;&#x438;&#x439;&#x441;&#x43A;&#x438;&#x439;  &#x444;&#x43E;&#x43D;&#x434;  &#x444;&#x443;&#x43D;&#x434;&#x430;&#x43C;&#x435;&#x43D;&#x442;&#x430;&#x43B;&#x44C;&#x43D;&#x44B;&#x445;  &#x438;&#x441;&#x441;&#x43B;&#x435;&#x434;&#x43E;&#x432;&#x430;&#x43D;&#x438;&#x439;</subfield>
  </datafield>
  <datafield tag="245" ind1=" " ind2=" ">
    <subfield code="c">&#x41F;&#x43E;&#x434;.  &#x43E;&#x431;&#x449;&#x435;&#x439;   &#x440;&#x435;&#x434;&#x430;&#x43A;&#x446;&#x438;&#x435;&#x439; :  &#x41C;. &#x411;.   &#x411;&#x438;&#x440;&#x436;&#x430;&#x43A;&#x43E;&#x432;&#x430;,</subfield>
  </datafield>
  <datafield tag="260" ind1=" " ind2=" ">
    <subfield code="a">&#x41C;&#x43E;&#x441;&#x43A;&#x432;&#x430;</subfield>
  </datafield>
  <datafield tag="260" ind1=" " ind2=" ">
    <subfield code="b">&#x421;&#x41F;&#x411; &#x424;&#x438;&#x43B;&#x438;&#x43D;&#x44C;-&#x41E;&#x41B;&#x411;&#x418;&#x421;</subfield>
  </datafield>
  <datafield tag="260" ind1=" " ind2=" ">
    <subfield code="c">1997</subfield>
  </datafield>
  <datafield tag="300" ind1=" " ind2=" ">
    <subfield code="a">768 &#x441;&#x442;. 24 &#x441;&#x43C;.</subfield>
  </datafield>
  <datafield tag="541" ind1=" " ind2=" ">
    <subfield code="h">18 &#x41B;.</subfield>
  </datafield>
  <datafield tag="653" ind1=" " ind2=" ">
    <subfield code="a">&#x41E;&#x441;&#x43D;&#x43E;&#x432;&#x44B; &#x414;&#x43E;&#x433;&#x43E;&#x432;&#x43E;&#x440;&#x43D;&#x44B;&#x445;  &#x43E;&#x442;&#x43D;&#x43E;&#x448;&#x435;&#x43D;&#x438;&#x439;   &#x432;  &#x42D;&#x43A;&#x43E;&#x43D;&#x43E;&#x43C;&#x438;&#x447;&#x435;&#x441;&#x43A;&#x43E;&#x43C;  &#x43F;&#x440;&#x43E;&#x441;&#x442;&#x440;&#x430;&#x43D;&#x441;&#x442;&#x432;&#x435;</subfield>
  </datafield>
  <datafield tag="942" ind1=" " ind2=" ">
    <subfield code="c">BK</subfield>
  </datafield>
  <datafield tag="999" ind1=" " ind2=" ">
    <subfield code="c">37079</subfield>
    <subfield code="d">37079</subfield>
  </datafield>
  <datafield tag="952" ind1=" " ind2=" ">
    <subfield code="0">0</subfield>
    <subfield code="1">0</subfield>
    <subfield code="4">0</subfield>
    <subfield code="7">0</subfield>
    <subfield code="9">36695</subfield>
    <subfield code="d">2018-12-17</subfield>
    <subfield code="p">7969</subfield>
    <subfield code="r">2018-12-17</subfield>
    <subfield code="w">2018-12-17</subfield>
    <subfield code="y">BK</subfield>
    <subfield code="z">&#x10D3;&#x10D0;&#x10E0;&#x10D1;&#x10D0;&#x10D6;&#x10D8;</subfield>
  </datafield>
  <datafield tag="952" ind1=" " ind2=" ">
    <subfield code="0">0</subfield>
    <subfield code="1">0</subfield>
    <subfield code="4">0</subfield>
    <subfield code="7">0</subfield>
    <subfield code="9">36696</subfield>
    <subfield code="d">2018-12-17</subfield>
    <subfield code="p">7970</subfield>
    <subfield code="r">2018-12-17</subfield>
    <subfield code="w">2018-12-17</subfield>
    <subfield code="y">BK</subfield>
    <subfield code="z">&#x10D3;&#x10D0;&#x10E0;&#x10D1;&#x10D0;&#x10D6;&#x10D8;</subfield>
  </datafield>
  <datafield tag="952" ind1=" " ind2=" ">
    <subfield code="0">0</subfield>
    <subfield code="1">0</subfield>
    <subfield code="4">0</subfield>
    <subfield code="7">0</subfield>
    <subfield code="9">36697</subfield>
    <subfield code="d">2018-12-17</subfield>
    <subfield code="p">8142</subfield>
    <subfield code="r">2018-12-17</subfield>
    <subfield code="w">2018-12-17</subfield>
    <subfield code="y">BK</subfield>
    <subfield code="z">&#x10D3;&#x10D0;&#x10E0;&#x10D1;&#x10D0;&#x10D6;&#x10D8;</subfield>
  </datafield>
  <datafield tag="952" ind1=" " ind2=" ">
    <subfield code="0">0</subfield>
    <subfield code="1">0</subfield>
    <subfield code="4">0</subfield>
    <subfield code="7">0</subfield>
    <subfield code="9">36698</subfield>
    <subfield code="d">2018-12-17</subfield>
    <subfield code="p">8143</subfield>
    <subfield code="r">2018-12-17</subfield>
    <subfield code="w">2018-12-17</subfield>
    <subfield code="y">BK</subfield>
    <subfield code="z">&#x10D3;&#x10D0;&#x10E0;&#x10D1;&#x10D0;&#x10D6;&#x10D8;</subfield>
  </datafield>
  <datafield tag="952" ind1=" " ind2=" ">
    <subfield code="0">0</subfield>
    <subfield code="1">0</subfield>
    <subfield code="4">0</subfield>
    <subfield code="7">0</subfield>
    <subfield code="9">36699</subfield>
    <subfield code="d">2018-12-17</subfield>
    <subfield code="p">8144</subfield>
    <subfield code="r">2018-12-17</subfield>
    <subfield code="w">2018-12-17</subfield>
    <subfield code="y">BK</subfield>
    <subfield code="z">&#x10D3;&#x10D0;&#x10E0;&#x10D1;&#x10D0;&#x10D6;&#x10D8;</subfield>
  </datafield>
</record>
